| 000 | 00900nam a2200217 a 4500 | ||
|---|---|---|---|
| 001 | 85552 | ||
| 003 | BD-RjUL | ||
| 005 | 20250821130435.0 | ||
| 008 | 250821s1963 bg ||||| |||| 00| 0 eng d | ||
| 035 | _a(BD-RjUL)85552 | ||
| 040 |
_aBD-RjUL _beng _cBD-RjUL |
||
| 041 | _aben | ||
| 082 |
_223 _a297.648 _bJAH 1963 |
||
| 100 |
_aযাকারিয়া _916632 |
||
| 245 |
_aহেকায়াতে সাহাবা বা ইসলামের আদর্শ / _cমাওলানা যাকারিয়া |
||
| 260 |
_aঢাকা : _bইসলামিয়া লাইব্রেরী, _c১৯৬৩ |
||
| 300 |
_a৩৯৮ পৃ.; _c১৯ সেমি. |
||
| 650 |
_aখুলাফায়ে রাশেদিন ও সাহাবিদের জীবনী _916633 |
||
| 650 |
_aBiographies of the Rashidun Caliphs and the Companions _916634 |
||
| 942 |
_2ddc _cBK |
||
| 999 |
_c85552 _d85552 |
||